000 00720nam a2200241 a 4500
001 43642
003 BD-RJUL
005 20211209053729.0
008 160625s1957 enkd 000 0 eng c
035 _a(BD-RjUL)43760
040 _aBD-RjUL
_beng
_cBD-RjUL
041 _aeng
082 _223
_a332.4
_bDAO 1967
100 1 _aDay, A. C. L.
_q(Alan Charles Lynn)
_9134079
245 1 0 _aOutline of monetary economics /
_cby A.C.L. Day
260 _aOxford :
_bClarendon Press,
_c1967, c1957
300 _a559 p. :
_bill. ;
_c22 cm
504 _aIncludes bibliographical references and index
650 0 _aMoney.
_9134083
650 0 _aFinance.
_9134084
650 0 _aFinance
_zGreat Britain.
_9131175
942 _2ddc
_cBK
999 _c43642
_d43642